MARC

LEADER 00000nam0a2200000 4500
001 23508
005 20231030195750.0
035 |a (RuTPU)RU\TPU\book\23728 
035 |a BOOK00023801 
090 |a 23508 
100 |a 20011209d1969 m y0rusy50 ca 
101 0 |a fre  |a rus 
102 |a RU 
105 |a y j 000zy 
200 1 |a Лингафонный курс французского языка  |e учебное пособие  |f Л. Г. Веденина, К. Я. Литкенс 
210 |a Москва  |c Высшая школа  |d 1969 
215 |a 255 с. 
610 1 |a французский язык 
610 1 |a лингафонный курс 
610 1 |a преподаванияе 
610 1 |a устная речь 
610 1 |a разговорная речь 
610 1 |a учебные пособия 
610 1 |a методика 
686 |a Ш147.11-923  |v LBC/SL-A  |2 rubbk 
700 1 |a Веденина  |b Л. Г.  |g Людмила Георгиевна 
701 1 |a Литкенс  |b К. Я.  |g Клара Яковлевна 
801 0 |a RU  |b 63413507  |c 20011209  |g PSBO 
801 2 |a RU  |b 63413507  |c 20150623  |g PSBO 
942 |c BK